[Event "FBL W"]
[Site "?"]
[Date "2018.10.28"]
[Round "2.1"]
[White "Leveikina, Jevgenija"]
[Black "Michna, Marta"]
[Result "0-1"]
[WhiteElo "2110"]
[BlackElo "2329"]
[PlyCount "64"]
[EventDate "2018.10.27"]
[EventType "team-tourn"]
[EventCountry "GER"]
[WhiteTeam "Bochum SV Wattenscheid"]
[BlackTeam "Kiel SK Doppelbauer"]
[WhiteTeamCountry "GER"]
[BlackTeamCountry "GER"]

1. d4 d6 2. e4 Nf6 3. Nc3 Nc6 4. Nf3 Bg4 5. Be3 e5 6. d5 Ne7 7. Be2 Ng6 8. Nd2
Bd7 9. g3 Be7 10. h4 h5 11. f3 O-O 12. Bd3 c6 13. Qe2 Rc8 14. Qf2 b6 15. a4
cxd5 16. exd5 Rxc3 17. bxc3 Nxd5 18. c4 Nxe3 19. Qxe3 f5 20. Qe2 Bf6 21. Ra3
Qc7 22. Nb3 d5 23. cxd5 Qd6 24. Ra2 e4 25. Bb5 Qxg3+ 26. Qf2 Qd6 27. Bxd7 Qxd7
28. fxe4 fxe4 29. Qe2 Qxd5 30. c4 Bc3+ 31. Nd2 Qd4 32. Qxh5 Nf4 0-1

[Event "FBL W"]
[Site "?"]
[Date "2018.10.28"]
[Round "2.2"]
[White "Kopylov, Luba"]
[Black "Plass, Mariana Camelia"]
[Result "0-1"]
[WhiteElo "2079"]
[BlackElo "2046"]
[PlyCount "110"]
[EventDate "2018.10.27"]
[EventType "team-tourn"]
[EventCountry "GER"]
[WhiteTeam "Kiel SK Doppelbauer"]
[BlackTeam "Bochum SV Wattenscheid"]
[WhiteTeamCountry "GER"]
[BlackTeamCountry "GER"]

1. d4 Nf6 2. c4 e6 3. Nc3 d5 4. Bg5 Be7 5. e3 O-O 6. cxd5 exd5 7. Qc2 Be6 8.
Bd3 h6 9. Bf4 Bd6 10. Nge2 Nc6 11. a3 a6 12. h3 Re8 13. g4 Bxf4 14. Nxf4 Qd6
15. Nce2 Bd7 16. Bf5 Nxd4 17. Nxd4 Qxf4 18. Bxd7 Nxd7 19. O-O-O Qe4 20. Qc3 Qe5
21. Qb3 Nc5 22. Qc2 Ne6 23. Nf5 Rad8 24. f4 Qe4 25. Qxe4 dxe4 26. b4 a5 27. Ng3
axb4 28. axb4 Ra8 29. Kb2 Ra4 30. Kb3 Rea8 31. f5 Ng5 32. Kc4 Ra3 33. Rde1 c6
34. h4 Nf3 35. Re2 Rd8 36. Nxe4 Rd5 37. b5 Ra4+ 38. Kc3 Rxe4 39. bxc6 bxc6 40.
f6 gxf6 41. Rf1 Ne5 42. Rxf6 Rd3+ 43. Kc2 Rc4+ 44. Kb2 Nxg4 45. Rf3 Kf8 46. h5
Re4 47. Rc2 Ne5 48. Rf5 Rexe3 49. Rc5 Re2+ 50. Kc1 Re1+ 51. Kc2 Rde3 52. Ra5
Ke7 53. Ra8 R1e2+ 54. Kd1 Rg2 55. Rh8 Nf3 0-1

[Event "FBL W"]
[Site "?"]
[Date "2018.10.28"]
[Round "2.3"]
[White "Schmidt, Andrea"]
[Black "Rath, Alina"]
[Result "1/2-1/2"]
[WhiteElo "2001"]
[BlackElo "2023"]
[PlyCount "41"]
[EventDate "2018.10.27"]
[EventType "team-tourn"]
[EventCountry "GER"]
[WhiteTeam "Bochum SV Wattenscheid"]
[BlackTeam "Kiel SK Doppelbauer"]
[WhiteTeamCountry "GER"]
[BlackTeamCountry "GER"]

1. e4 c5 2. Nf3 d6 3. d4 cxd4 4. Nxd4 Nf6 5. Nc3 Nc6 6. Bg5 e6 7. Qd2 Be7 8.
O-O-O O-O 9. f4 Nxd4 10. Qxd4 Qa5 11. Kb1 Rd8 12. h4 Bd7 13. Qe3 Bc6 14. Be2
Kf8 15. e5 Nd5 16. Nxd5 Bxd5 17. c4 Bc6 18. exd6 Rxd6 19. Bxe7+ Kxe7 20. Rxd6
Kxd6 21. Rd1+ 1/2-1/2

[Event "FBL W"]
[Site "?"]
[Date "2018.10.28"]
[Round "2.4"]
[White "Silz, Elisa"]
[Black "Wirths, Clara"]
[Result "1-0"]
[WhiteElo "1995"]
[BlackElo "1999"]
[PlyCount "119"]
[EventDate "2018.10.27"]
[EventType "team-tourn"]
[EventCountry "GER"]
[WhiteTeam "Kiel SK Doppelbauer"]
[BlackTeam "Bochum SV Wattenscheid"]
[WhiteTeamCountry "GER"]
[BlackTeamCountry "GER"]

1. d4 Nf6 2. Nf3 e6 3. c4 Bb4+ 4. Bd2 Be7 5. g3 d5 6. Bg2 O-O 7. Nc3 Ne4 8. O-O
Nxd2 9. Nxd2 dxc4 10. Nxc4 Nd7 11. Rc1 Rb8 12. Nb5 a6 13. Na7 Nf6 14. Nxc8 Qxc8
15. Qc2 Qd7 16. Rfd1 Rfc8 17. Qb3 Qb5 18. Qxb5 axb5 19. Na5 c6 20. a3 Bd8 21.
Nb3 Bb6 22. Nc5 Bxc5 23. Rxc5 Rd8 24. e3 Nd5 25. e4 Nb6 26. d5 exd5 27. exd5
Nc4 28. Rc1 Nxb2 29. dxc6 bxc6 30. Rxc6 Nc4 31. Ra1 Rdc8 32. Rxc8+ Rxc8 33. Rc1
Nd6 34. Rxc8+ Nxc8 35. Bf1 Nd6 36. f4 Kf8 37. Kf2 Ke7 38. Ke3 Kd7 39. Kd4 Kc6
40. g4 Ne8 41. Bd3 h6 42. h4 f6 43. h5 Nd6 44. Be2 Nc8 45. Bf3+ Kd6 46. Bd1 Ne7
47. Bb3 Nc8 48. Bf7 Ne7 49. Be8 Nc6+ 50. Ke4 Kc5 51. Bxc6 Kxc6 52. Kf5 Kc5 53.
Kg6 Kc4 54. Kxg7 Kb3 55. Kxh6 Kxa3 56. Kg7 b4 57. h6 b3 58. h7 b2 59. h8=Q b1=Q
60. Qa8+ 1-0

[Event "FBL W"]
[Site "?"]
[Date "2018.10.28"]
[Round "2.5"]
[White "Hiebsch, Catalina"]
[Black "Hielscher, Ursula"]
[Result "1-0"]
[WhiteElo "1792"]
[BlackElo "1768"]
[PlyCount "59"]
[EventDate "2018.10.27"]
[EventType "team-tourn"]
[EventCountry "GER"]
[WhiteTeam "Bochum SV Wattenscheid"]
[BlackTeam "Kiel SK Doppelbauer"]
[WhiteTeamCountry "GER"]
[BlackTeamCountry "GER"]

1. e4 e6 2. d4 d5 3. exd5 exd5 4. Nf3 Nf6 5. Bg5 Be7 6. Bd3 O-O 7. h3 Re8 8.
O-O Nbd7 9. c3 Nf8 10. Qc2 Be6 11. Nbd2 c6 12. Ne5 Qc7 13. f4 c5 14. f5 Bc8 15.
Rae1 c4 16. Be2 N6d7 17. Nxf7 Bxg5 18. Nxg5 Qg3 19. Ngf3 Nf6 20. Ne5 Bxf5 21.
Qxf5 Qe3+ 22. Qf2 Qxd2 23. Nxc4 Qc2 24. Ne5 Qxb2 25. c4 Ne4 26. Qf7+ Kh8 27.
Qxd5 Nf6 28. Nf7+ Kg8 29. Nh6+ Kh8 30. Qg8+ 1-0

[Event "FBL W"]
[Site "?"]
[Date "2018.10.28"]
[Round "2.6"]
[White "Schlueter, Sabrina"]
[Black "Kraus, Tanja"]
[Result "1-0"]
[WhiteElo "1762"]
[BlackElo "1820"]
[PlyCount "63"]
[EventDate "2018.10.27"]
[EventType "team-tourn"]
[EventCountry "GER"]
[WhiteTeam "Kiel SK Doppelbauer"]
[BlackTeam "Bochum SV Wattenscheid"]
[WhiteTeamCountry "GER"]
[BlackTeamCountry "GER"]

1. c4 e5 2. Nc3 Bb4 3. g3 Bxc3 4. bxc3 d6 5. Bg2 Nc6 6. Rb1 Nge7 7. d4 O-O 8.
Nf3 Qe8 9. O-O Rb8 10. e4 Bg4 11. h3 Bh5 12. g4 Bg6 13. Nh4 f6 14. d5 Na5 15.
Rb4 b6 16. Ra4 Ra8 17. Be3 Nb7 18. Qc2 c6 19. dxc6 Qxc6 20. Nf5 Qc7 21. Rd1 Bf7
22. f4 Bxc4 23. Nxe7+ Kh8 24. Nd5 Qc6 25. Rb4 b5 26. f5 a5 27. Rb2 Rf7 28. Kh2
Qe8 29. Nb6 Rd8 30. Nxc4 bxc4 31. Rd5 Rfd7 32. Qb1 1-0

[Event "FBL W"]
[Site "?"]
[Date "2018.10.28"]
[Round "2.1"]
[White "Kickert, Germaine Helene"]
[Black "Kuckling, Hannah"]
[Result "0-1"]
[WhiteElo "1997"]
[BlackElo "2094"]
[PlyCount "42"]
[EventDate "2018.10.27"]
[EventType "team-tourn"]
[EventCountry "GER"]
[WhiteTeam "Delmenhorster SK"]
[BlackTeam "Paderborn SK Blauer Springer"]
[WhiteTeamCountry "GER"]
[BlackTeamCountry "GER"]

1. e4 c5 2. Nf3 e6 3. d4 cxd4 4. Nxd4 Nc6 5. Nc3 Qc7 6. Qd3 a6 7. Nxc6 Qxc6 8.
Qg3 b5 9. Bd3 Bb7 10. f3 Qb6 11. Bd2 Ne7 12. a4 b4 13. Nd1 Ng6 14. a5 Qa7 15.
h4 Bc5 16. h5 Ne7 17. Qxg7 Rg8 18. Qh6 Rxg2 19. Be3 O-O-O 20. Bxc5 Qxc5 21. Ne3
Ng8 0-1

[Event "FBL W"]
[Site "?"]
[Date "2018.10.28"]
[Round "2.2"]
[White "Bork, Sophie"]
[Black "Moenster, Madita"]
[Result "1/2-1/2"]
[WhiteElo "1866"]
[BlackElo "1817"]
[PlyCount "167"]
[EventDate "2018.10.27"]
[EventType "team-tourn"]
[EventCountry "GER"]
[WhiteTeam "Paderborn SK Blauer Springer"]
[BlackTeam "Delmenhorster SK"]
[WhiteTeamCountry "GER"]
[BlackTeamCountry "GER"]

1. e4 c5 2. c3 Nf6 3. e5 Nd5 4. Nf3 e6 5. d4 cxd4 6. cxd4 d6 7. Bc4 Nc6 8. O-O
Be7 9. exd6 Qxd6 10. Re1 O-O 11. Nc3 Nb6 12. Bb3 Rd8 13. Ne4 Qc7 14. Qc2 Nd5
15. Neg5 Nf6 16. Ne5 Qb6 17. Be3 Nxd4 18. Bxd4 Rxd4 19. Nexf7 Bd7 20. Ne5 Bc8
21. Nef3 Rd6 22. Qe2 Nd5 23. Qc2 Nf6 24. Ne5 Qb4 25. a3 Qf4 26. Nef3 Rc6 27.
Qb1 Bc5 28. Bxe6+ Bxe6 29. Nxe6 Qd6 30. Nxc5 Rxc5 31. b4 Rc7 32. Qb3+ Qd5 33.
Qxd5+ Nxd5 34. Kf1 Kf8 35. Ng5 Kg8 36. Re5 Nf6 37. h3 Rac8 38. Rae1 h6 39. Ne6
Rc3 40. a4 R3c4 41. Rb5 b6 42. Rd1 Kf7 43. Nd8+ Ke7 44. Nb7 R8c6 45. a5 Ne4 46.
Re1 Re6 47. Kg1 Nc3 48. Rbe5 Rxe5 49. Rxe5+ Kf6 50. Re3 Nd5 51. Rf3+ Ke7 52.
axb6 axb6 53. Rf7+ Kxf7 54. Nd6+ Ke6 55. Nxc4 Nxb4 56. Nxb6 Kf5 57. Kf1 h5 58.
Ke2 Ke4 59. Nc4 Nc6 60. Nd2+ Kf4 61. Nf3 g6 62. g3+ Ke4 63. Nd2+ Kf5 64. Ke3
Ke5 65. Nf3+ Kf6 66. Nd4 Ne5 67. Ke4 Nf7 68. f4 Nd6+ 69. Kd5 Nf7 70. Nf3 Nh6
71. Nd4 Nf7 72. Ke4 Nd6+ 73. Kf3 Nf7 74. g4 hxg4+ 75. hxg4 Nd6 76. Nc6 g5 77.
Nb4 gxf4 78. Kxf4 Nf7 79. Nd5+ Kg6 80. Ne7+ Kf6 81. Nf5 Kg6 82. Ne3 Nh6 83. g5
Nf7 84. Kg4 1/2-1/2

[Event "FBL W"]
[Site "?"]
[Date "2018.10.28"]
[Round "2.3"]
[White "Wallat, Jessica"]
[Black "Browning, Rebecca"]
[Result "1-0"]
[WhiteElo "1729"]
[BlackElo "1873"]
[PlyCount "107"]
[EventDate "2018.10.27"]
[EventType "team-tourn"]
[EventCountry "GER"]
[WhiteTeam "Delmenhorster SK"]
[BlackTeam "Paderborn SK Blauer Springer"]
[WhiteTeamCountry "GER"]
[BlackTeamCountry "GER"]

1. e4 e6 2. d4 d5 3. Nd2 dxe4 4. Nxe4 Nf6 5. Ng3 Be7 6. Nf3 O-O 7. Bd3 b6 8.
O-O Bb7 9. c3 Nbd7 10. Qe2 Nd5 11. Be3 Nxe3 12. fxe3 c5 13. Bb5 a6 14. Ba4 Nf6
15. Rad1 Qc7 16. e4 Rad8 17. Bc2 cxd4 18. cxd4 Rc8 19. Bd3 b5 20. Rc1 Qb6 21.
Kh1 Rxc1 22. Rxc1 Rc8 23. Rxc8+ Bxc8 24. Qc2 Bb7 25. e5 Nd5 26. Bxh7+ Kh8 27.
Be4 Qa5 28. a3 Qd8 29. b4 Qd7 30. h3 Bc6 31. Bxd5 Bxd5 32. Ne4 Qb7 33. Neg5
Bxg5 34. Nxg5 g6 35. Qf2 Kg8 36. Kh2 Kf8 37. h4 Qe7 38. Qc2 Bc4 39. Nh7+ Kg7
40. Nf6 Qd8 41. Qe4 a5 42. h5 axb4 43. h6+ Kh8 44. axb4 Qf8 45. Qf4 Bb3 46. Nd7
Qg8 47. Nc5 Bc2 48. Nb7 Bf5 49. Nd6 Kh7 50. g4 Bd3 51. Nxf7 g5 52. Nxg5+ Kxh6
53. Nf7+ Kh7 54. Qh6# 1-0

[Event "FBL W"]
[Site "?"]
[Date "2018.10.28"]
[Round "2.5"]
[White "Wenke, Andrea"]
[Black "Schrader, Elanor"]
[Result "1/2-1/2"]
[WhiteElo "1771"]
[BlackElo "1791"]
[PlyCount "99"]
[EventDate "2018.10.27"]
[EventType "team-tourn"]
[EventCountry "GER"]
[WhiteTeam "Delmenhorster SK"]
[BlackTeam "Paderborn SK Blauer Springer"]
[WhiteTeamCountry "GER"]
[BlackTeamCountry "GER"]

1. e4 c5 2. Nf3 Nc6 3. d4 cxd4 4. Nxd4 g6 5. c3 Bg7 6. Bc4 Nf6 7. Nd2 O-O 8.
O-O Ne5 9. Be2 d5 10. exd5 Qxd5 11. Bf3 Nxf3+ 12. Qxf3 e5 13. Qxd5 Nxd5 14.
N4f3 f5 15. Nb3 b6 16. Bd2 Re8 17. Rfe1 Ba6 18. Rad1 Rac8 19. Bc1 Bb7 20. a4
Rc4 21. a5 Nf4 22. Nbd4 Nd5 23. axb6 axb6 24. Nb5 Bf8 25. Nxe5 Rc5 26. Nd4 Nxc3
27. bxc3 Rcxe5 28. Rxe5 Rxe5 29. Be3 Bc5 30. h3 Re7 31. Nc2 Be4 32. Bxc5 bxc5
33. Ne3 Kf7 34. Nd5 Bxd5 35. Rxd5 Rc7 36. c4 Kf6 37. f3 Kg5 38. g3 h5 39. h4+
Kf6 40. Kg2 Rc6 41. Kh3 Ke6 42. g4 fxg4+ 43. fxg4 hxg4+ 44. Kxg4 Kf6 45. Kf4
Kf7 46. Kg5 Ke7 47. Kh6 Kf7 48. Rg5 Rc8 49. Kh7 Rc6 50. Kh6 1/2-1/2

[Event "FBL W"]
[Site "?"]
[Date "2018.10.28"]
[Round "2.6"]
[White "Walow, Xenia"]
[Black "Kohls, Vera"]
[Result "1-0"]
[WhiteElo "1747"]
[BlackElo "1749"]
[PlyCount "133"]
[EventDate "2018.10.27"]
[EventType "team-tourn"]
[EventCountry "GER"]
[WhiteTeam "Paderborn SK Blauer Springer"]
[BlackTeam "Delmenhorster SK"]
[WhiteTeamCountry "GER"]
[BlackTeamCountry "GER"]

1. d4 e6 2. Bf4 b6 3. e3 Bb7 4. Nf3 Nf6 5. h3 a6 6. Bd3 h6 7. c3 Be7 8. Nbd2
O-O 9. Qe2 d5 10. Ne5 Nbd7 11. Qf3 Nxe5 12. Bxe5 Ne8 13. Qg4 Nf6 14. Qg3 Nh5
15. Qf3 Nf6 16. g4 Nh7 17. Qg2 f6 18. Bf4 Bd6 19. Bxd6 cxd6 20. h4 e5 21. Bf5
Qe7 22. Nf3 e4 23. Nd2 Rfd8 24. O-O-O Bc8 25. Bxh7+ Kxh7 26. g5 h5 27. gxf6
Qxf6 28. f3 exf3 29. Nxf3 Bg4 30. Ng5+ Kg6 31. Rde1 Qf5 32. Rhf1 Qd3 33. Qxd5
Ra7 34. Ne4 Qb5 35. Qxb5 axb5 36. a3 Re7 37. Ng5 d5 38. Rf4 Rd6 39. Kd2 Rd8 40.
Nf3 Bxf3 41. Rxf3 Re4 42. Rf4 Rde8 43. Rg1+ Kh6 44. Rg3 R8e6 45. Rf8 g6 46. Rh3
Kg7 47. Rd8 Rf6 48. Rxd5 Rf2+ 49. Kd3 Re6 50. Rxb5 Kf6 51. e4 Rg2 52. Rf3+ Kg7
53. Rf4 Kh6 54. d5 Re8 55. Rxb6 Rg4 56. Rbf6 Rb8 57. b4 Ra8 58. d6 Rg3+ 59. Rf3
Rg4 60. R6f4 Rg1 61. e5 Rxa3 62. Rf8 Ra7 63. Rd8 Rd1+ 64. Kc4 Re1 65. d7 Rc7+
66. Kd5 Rd1+ 67. Ke6 1-0

[Event "FBL W"]
[Site "?"]
[Date "2018.10.28"]
[Round "2.1"]
[White "Scognamiglio, Stefanie"]
[Black "Freitag, Julia"]
[Result "1-0"]
[WhiteElo "2080"]
[BlackElo "2140"]
[PlyCount "147"]
[EventDate "2018.10.27"]
[EventType "team-tourn"]
[EventCountry "GER"]
[WhiteTeam "Hamburger SK II"]
[BlackTeam "Steinfurt SC"]
[WhiteTeamCountry "GER"]
[BlackTeamCountry "GER"]

1. e4 e6 2. d3 d5 3. Nd2 Nf6 4. Ngf3 c5 5. g3 Nc6 6. Bg2 b6 7. O-O Bb7 8. Re1
Be7 9. e5 Nd7 10. Nf1 g5 11. h3 Nf8 12. c3 Ng6 13. d4 h6 14. a3 Qc7 15. Ne3 c4
16. Nh2 Na5 17. Qh5 Nb3 18. Rb1 O-O-O 19. Nhg4 Rdg8 20. Bf3 Bd8 21. Bd1 Nxc1
22. Rxc1 Nf4 23. gxf4 gxf4 24. Ng2 Rg5 25. Nxf4 Rxh5 26. Nxh5 b5 27. Ngf6 a5
28. Re3 Be7 29. Rg3 Qb6 30. Rg7 b4 31. axb4 axb4 32. Bg4 bxc3 33. bxc3 Ba3 34.
Rd1 Bb2 35. Nf4 h5 36. N6xh5 Bxc3 37. Rxf7 Bxd4 38. Nxe6 Bxe5 39. Nc5+ Kd8 40.
Rd7+ Ke8 41. Nxb7 Rxh5 42. Rd8+ Ke7 43. Bxh5 c3 44. R8xd5 c2 45. Re1 Kf6 46.
Rdxe5 c1=Q 47. Rxc1 Kxe5 48. Bf3 Kf4 49. Bg2 Qd4 50. Nc5 Qd2 51. Rf1 Qc3 52.
Ne4 Qb2 53. Ng3 Qd2 54. Be4 Kg5 55. Kg2 Kh4 56. Rb1 Qd7 57. Bf5 Qd5+ 58. Kg1
Qd2 59. Bg4 Qd3 60. Rd1 Qb3 61. Nf5+ Kg5 62. Rd4 Qb1+ 63. Kg2 Qb7+ 64. Kg3 Qb3+
65. Ne3 Qc3 66. h4+ Kf6 67. Rd6+ Kf7 68. Rd5 Qc1 69. Rd7+ Kf6 70. Nd5+ Ke5 71.
f4+ Kd4 72. Ne7+ Ke4 73. Bf3+ Ke3 74. Nf5# 1-0

[Event "FBL W"]
[Site "?"]
[Date "2018.10.28"]
[Round "2.2"]
[White "Engels, Natia"]
[Black "Meyer, Bettina"]
[Result "1-0"]
[WhiteElo "2165"]
[BlackElo "1981"]
[PlyCount "121"]
[EventDate "2018.10.27"]
[EventType "team-tourn"]
[EventCountry "GER"]
[WhiteTeam "Steinfurt SC"]
[BlackTeam "Hamburger SK II"]
[WhiteTeamCountry "GER"]
[BlackTeamCountry "GER"]

1. d4 Nf6 2. c4 c6 3. Nc3 d5 4. e3 Bf5 5. Nf3 e6 6. Be2 h6 7. O-O Be7 8. Ne5
Nbd7 9. cxd5 exd5 10. f4 Bh7 11. Bd3 Qc7 12. Bxh7 Rxh7 13. Qd3 g5 14. e4 dxe4
15. Nxe4 Nxe4 16. Qxe4 Nf6 17. Qf5 Qd6 18. Be3 Rg7 19. fxg5 hxg5 20. Rad1 Qd5
21. b3 Rd8 22. Qh3 Rh7 23. Qf5 Rg7 24. g4 Qe4 25. Qxe4 Nxe4 26. Kg2 Nc3 27.
Rde1 Nd5 28. Bc1 Kf8 29. Rf3 Kg8 30. Nc4 Bb4 31. Re5 f6 32. Re6 Bc3 33. Nd6
Rgd7 34. Nf5 Kf7 35. Re4 Kg6 36. h4 Bb4 37. hxg5 Rh8 38. Nh6 Rd6 39. Nf5 Rd7
40. Re6 Kf7 41. Re2 Nc3 42. Rc2 Nd5 43. gxf6 Kg6 44. g5 Rh5 45. Ng7 Rh4 46. Nf5
Rh5 47. Nh6 Bd6 48. Ng4 Rdh7 49. Re2 Rh4 50. Nf2 Rxd4 51. f7 Rh2+ 52. Kg1 Rd1+
53. Nxd1 Rxe2 54. f8=Q Bxf8 55. Rxf8 Rxa2 56. Rf1 Rc2 57. Ne3 Nxe3 58. Bxe3 Rc3
59. Rf6+ Kh5 60. Kf2 Rd3 61. Kf3 1-0

[Event "FBL W"]
[Site "?"]
[Date "2018.10.28"]
[Round "2.3"]
[White "Einacker, Silke"]
[Black "Miljkovic, Jovana"]
[Result "0-1"]
[WhiteElo "2000"]
[BlackElo "1995"]
[PlyCount "100"]
[EventDate "2018.10.27"]
[EventType "team-tourn"]
[EventCountry "GER"]
[WhiteTeam "Hamburger SK II"]
[BlackTeam "Steinfurt SC"]
[WhiteTeamCountry "GER"]
[BlackTeamCountry "GER"]

1. e4 c5 2. Nf3 d6 3. Bb5+ Nd7 4. d4 cxd4 5. Qxd4 a6 6. Bxd7+ Bxd7 7. c4 Bg4 8.
Nc3 Bxf3 9. gxf3 Nf6 10. Be3 Rc8 11. Rc1 g6 12. O-O Bg7 13. Rfd1 O-O 14. Qd3
Qa5 15. Qe2 Qh5 16. Nd5 Nxd5 17. Rxd5 Be5 18. Bf4 e6 19. Rxe5 dxe5 20. Bd2 f5
21. Rc3 fxe4 22. Qxe4 Rcd8 23. Rd3 Rxd3 24. Qxd3 Qxf3 25. Be3 Qg4+ 26. Kf1 Qf3
27. Ke1 Qh1+ 28. Ke2 Qxh2 29. Qd7 Qh5+ 30. Ke1 Qh1+ 31. Ke2 Qf3+ 32. Ke1 Qh1+
33. Ke2 Qc6 34. Qd3 Qf3+ 35. Ke1 Qf5 36. Qb3 Rd8 37. c5 Rd5 38. Ke2 Qh5+ 39.
Ke1 Qh1+ 40. Ke2 e4 41. Qa4 Kf7 42. Qb3 Rd7 43. Qa4 Qh5+ 44. Ke1 Qd5 45. a3 h5
46. Bf4 Qd4 47. Qc2 Qd3 48. Qa4 Qb1+ 49. Ke2 Qxb2+ 50. Kf1 Qb5+ 0-1

[Event "FBL W"]
[Site "?"]
[Date "2018.10.28"]
[Round "2.4"]
[White "Moeller, Hannah"]
[Black "Koellner, Felicitas Ophelia"]
[Result "1/2-1/2"]
[WhiteElo "1827"]
[BlackElo "1839"]
[PlyCount "143"]
[EventDate "2018.10.27"]
[EventType "team-tourn"]
[EventCountry "GER"]
[WhiteTeam "Steinfurt SC"]
[BlackTeam "Hamburger SK II"]
[WhiteTeamCountry "GER"]
[BlackTeamCountry "GER"]

1. Nf3 d6 2. d4 Nf6 3. g3 Nbd7 4. Bg2 e5 5. dxe5 dxe5 6. O-O Be7 7. Nc3 O-O 8.
b3 c6 9. Bb2 Qc7 10. a4 a5 11. Qd3 Nc5 12. Qe3 e4 13. Nd4 Ng4 14. Qc1 Qe5 15.
Nxe4 Qh5 16. h3 Nxe4 17. hxg4 Qg6 18. Qf4 Nc5 19. Nf5 Bf6 20. Rab1 Ne6 21. Qf3
Qg5 22. Bc1 Qg6 23. Ba3 Re8 24. Rfd1 h6 25. Nd6 Rd8 26. Nf5 Re8 27. Bb2 Bxb2
28. Rxb2 Qf6 29. Rbb1 Ng5 30. Qd3 Bxf5 31. gxf5 Rad8 32. Qc4 Qxf5 33. e3 Nh3+
34. Bxh3 Qxh3 35. Qc5 Qg4 36. Rxd8 Rxd8 37. Qxa5 Rd5 38. Qe1 Rh5 39. Qf1 Qe4
40. Qg2 Qxc2 41. Re1 Qxb3 42. Qe4 Qd5 43. Qxd5 Rxd5 44. Rb1 Rd7 45. Kg2 Kf8 46.
f4 Ke7 47. Kf3 c5 48. Rb6 c4 49. Rb4 Rc7 50. Ke2 Kd6 51. Rb5 c3 52. Kd1 Re7 53.
e4 Kc6 54. e5 Rd7+ 55. Kc2 Rd4 56. Rb3 Rxa4 57. Rxc3+ Kd7 58. Rb3 Rc4+ 59. Kd3
Rc7 60. Rb6 Kc8 61. g4 Rc6 62. Rb1 Kc7 63. Kd4 Rc2 64. Ke4 Kc6 65. f5 Re2+ 66.
Kf4 b5 67. Rc1+ Kb7 68. Rd1 Kc7 69. Rc1+ Kb7 70. Rd1 Kc7 71. Rc1+ Kb7 72. Rd1
1/2-1/2

[Event "FBL W"]
[Site "?"]
[Date "2018.10.28"]
[Round "2.5"]
[White "Wulf, Constanze"]
[Black "Veldhuis, Karina"]
[Result "1-0"]
[WhiteElo "1661"]
[BlackElo "1847"]
[PlyCount "61"]
[EventDate "2018.10.27"]
[EventType "team-tourn"]
[EventCountry "GER"]
[WhiteTeam "Hamburger SK II"]
[BlackTeam "Steinfurt SC"]
[WhiteTeamCountry "GER"]
[BlackTeamCountry "GER"]

1. e4 c5 2. Nf3 d6 3. c3 Nf6 4. Be2 Nc6 5. d4 cxd4 6. cxd4 Nxe4 7. d5 Qa5+ 8.
Nc3 Nb8 9. O-O Nf6 10. Re1 Bf5 11. Bf4 Qb4 12. Nd4 Bd7 13. Bb5 a6 14. Bxd7+
Nbxd7 15. Rc1 Nb6 16. a3 Qxb2 17. Bxd6 Nbxd5 18. Nxd5 Nxd5 19. Nf5 Nc3 20. Qd3
Rd8 21. Qxc3 Qxc3 22. Rxc3 e6 23. Bxf8 Kxf8 24. Ne3 g6 25. Rc7 b5 26. Ra7 Rd6
27. Rc1 Kg7 28. Rcc7 Rf8 29. Kf1 Kg8 30. Ke2 e5 31. Re7 1-0

[Event "FBL W"]
[Site "?"]
[Date "2018.10.28"]
[Round "2.6"]
[White "Schmitz, Carolin"]
[Black "Hoefner, Nina"]
[Result "1-0"]
[WhiteElo "1741"]
[BlackElo "1601"]
[PlyCount "137"]
[EventDate "2018.10.27"]
[EventType "team-tourn"]
[EventCountry "GER"]
[WhiteTeam "Steinfurt SC"]
[BlackTeam "Hamburger SK II"]
[WhiteTeamCountry "GER"]
[BlackTeamCountry "GER"]

1. e4 c5 2. Nf3 d6 3. c3 Nc6 4. h3 Nf6 5. Qc2 g6 6. Be2 Bg7 7. O-O O-O 8. d3 a6
9. Be3 Nd7 10. Nbd2 Nde5 11. Nxe5 Nxe5 12. Rad1 f5 13. f4 Bh6 14. d4 cxd4 15.
Bxd4 Nf7 16. Qb3 b5 17. Bd3 e5 18. Be3 Kh8 19. exf5 gxf5 20. Qc2 e4 21. Nxe4
Qe7 22. Bd4+ Bg7 23. Bxg7+ Kxg7 24. Ng3 Qe3+ 25. Kh2 Nh6 26. Rde1 Qc5 27. Re7+
Rf7 28. Rxf7+ Kxf7 29. b4 Qd5 30. c4 Qe6 31. cxb5 axb5 32. Bxb5 Rxa2 33. Qc4
Rb2 34. Re1 Qxc4 35. Bxc4+ Kf6 36. b5 Bd7 37. Rd1 Ke7 38. Bd3 Bc8 39. Re1+ Kd8
40. Re2 Rb4 41. Rf2 Bd7 42. Rf3 Kc7 43. Nh5 Ng8 44. Rg3 Be6 45. Rg7+ Kb6 46.
Rxh7 Rb3 47. Be2 Rb2 48. Ng3 Rb4 49. Rg7 Kc5 50. Rg6 Bf7 51. Rg7 Be6 52. Nxf5
Rxf4 53. Rc7+ Kd5 54. Bf3+ Ke5 55. Ng7 Nf6 56. Nxe6 Kxe6 57. Kg3 Rb4 58. Rb7
Ke5 59. h4 Rb3 60. Kh2 Rb4 61. g3 d5 62. Kh3 Rb3 63. Bd1 Rb1 64. Bc2 Rb2 65.
Bg6 d4 66. h5 Rb3 67. h6 Rc3 68. h7 Rc8 69. b6 1-0

[Event "FBL W"]
[Site "?"]
[Date "2018.10.28"]
[Round "2.2"]
[White "Glinzner, Alva"]
[Black "Sokalskaja, Elena"]
[Result "1-0"]
[WhiteElo "1787"]
[BlackElo "2075"]
[PlyCount "179"]
[EventDate "2018.10.27"]
[EventType "team-tourn"]
[EventCountry "GER"]
[WhiteTeam "Luebeck SV"]
[BlackTeam "Muelheim SV Nord"]
[WhiteTeamCountry "GER"]
[BlackTeamCountry "GER"]

1. e4 c6 2. d4 d5 3. e5 c5 4. dxc5 Nc6 5. Nf3 Bg4 6. Bb5 Qa5+ 7. Nc3 e6 8. Be3
Nge7 9. O-O Nf5 10. Bd2 Qc7 11. h3 Bxf3 12. Qxf3 Nh4 13. Qg3 Ng6 14. b4 Qxe5
15. Qxe5 Ngxe5 16. Rfe1 Ng6 17. Ne2 Be7 18. Nd4 Rc8 19. Bc3 O-O 20. Nxc6 bxc6
21. Bd3 Bf6 22. Bxf6 gxf6 23. a4 Nf4 24. Ba6 Rc7 25. Re3 Rb8 26. Rb1 e5 27. Bf1
Ne6 28. Reb3 Kf8 29. g4 Ke7 30. Kg2 Rh8 31. f3 h5 32. Re3 Rb8 33. Reb3 Rg8 34.
Kf2 Rh8 35. Kg3 Nd4 36. R3b2 f5 37. c3 Ne6 38. gxf5 Nf4 39. Kf2 Kf6 40. Re1
Kxf5 41. h4 Rg8 42. Re3 f6 43. Rb1 Rcg7 44. b5 Rb8 45. b6 a5 46. Rb2 Ke6 47.
Rd2 Ke7 48. c4 Rgg8 49. cxd5 cxd5 50. Rb3 Rgc8 51. Rb5 d4 52. Rxa5 Ne6 53. Ra7+
Kf8 54. b7 Rc7 55. c6 Nd8 56. Bb5 Nxb7 57. cxb7 Rcxb7 58. Rxb7 Rxb7 59. Rc2 Ke7
60. Rc8 Kd6 61. Ke2 Rg7 62. Rc6+ Kd5 63. Kf2 f5 64. Rh6 Rc7 65. Bd3 Ra7 66.
Bxf5 Rxa4 67. Be4+ Kc5 68. Re6 Ra2+ 69. Kg3 Kc4 70. Rxe5 Kc3 71. Rd5 Ra1 72.
Kf4 Rg1 73. Rc5+ Kb4 74. Rxh5 Kc4 75. Rh8 Kc3 76. Rd8 Rh1 77. Rh8 d3 78. Rc8+
Kd2 79. Rd8 Rxh4+ 80. Kg3 Rh6 81. Rxd3+ Ke2 82. Ra3 Rf6 83. f4 Rf8 84. f5 Re8
85. Kf4 Rf8 86. Ra2+ Kd1 87. Ke3 Kc1 88. Rc2+ Kd1 89. Rc6 Re8 90. f6 1-0

[Event "FBL W"]
[Site "?"]
[Date "2018.10.28"]
[Round "2.3"]
[White "Sokalska, Viktorija"]
[Black "Mundt, Alexandra"]
[Result "0-1"]
[WhiteElo "1989"]
[BlackElo "1679"]
[PlyCount "100"]
[EventDate "2018.10.27"]
[EventType "team-tourn"]
[EventCountry "GER"]
[WhiteTeam "Muelheim SV Nord"]
[BlackTeam "Luebeck SV"]
[WhiteTeamCountry "GER"]
[BlackTeamCountry "GER"]

1. e4 e5 2. Nc3 Nf6 3. d3 Bb4 4. Bd2 Nc6 5. Nge2 d6 6. h3 Bd7 7. g3 Qc8 8. Bg2
Bc5 9. Bg5 Ng8 10. Qd2 Nd4 11. Nxd4 exd4 12. Nd5 c6 13. b4 h6 14. Bf4 cxd5 15.
bxc5 dxc5 16. exd5 Ne7 17. Bd6 Nf5 18. Qf4 Nxd6 19. Qxd6 Kd8 20. O-O Qc7 21.
Qxc7+ Kxc7 22. Rab1 Rab8 23. Rfe1 Kd6 24. Rbc1 Rhe8 25. Kf1 b6 26. g4 Bb5 27.
c4 dxc3 28. Rxc3 a5 29. Rb1 Ba6 30. a4 Re7 31. Rcb3 Reb7 32. Ke1 b5 33. axb5
Rxb5 34. Rxb5 Rxb5 35. Ra1 Bb7 36. Bf1 Bxd5 37. d4 c4 38. Rc1 Rb4 39. Kd2 Kc6
40. Rc3 Rb3 41. Rc2 Kb5 42. Kc1 Kb4 43. f4 Rc3 44. Kb2 Rxc2+ 45. Kxc2 a4 46. g5
Be4+ 47. Kc1 a3 48. gxh6 gxh6 49. f5 c3 50. d5 a2 0-1